000
00287nam a2200121Ia 4500
005
20251222144746.0
008
251222s9999||||xx |||||||||||||| ||spa||
082
_a
282.1/G15
100
_a
Gallardo, Paulino
245
0
_a
Obras de San Gregorio Magno
264
_b
Católica
942
_c
LIB
999
_c
19144
_d
19144